Computer networks and internets / (Record no. 174796)

000 -LEADER
fixed length control field 00929 a2200217 4500
003 - CONTROL NUMBER IDENTIFIER
control field Nust
005 - DATE AND TIME OF LATEST TRANSACTION
control field 20170207152318.0
010 ## - LIBRARY OF CONGRESS CONTROL NUMBER
LC control number 98047110
020 ## - INTERNATIONAL STANDARD BOOK NUMBER
International Standard Book Number 9814035181
040 ## - CATALOGING SOURCE
Transcribing agency Nust
082 00 - DEWEY DECIMAL CLASSIFICATION NUMBER
Classification number 004.6
100 1# - MAIN ENTRY--PERSONAL NAME
Personal name Comer, Douglas.
245 10 - TITLE STATEMENT
Title Computer networks and internets /
Statement of responsibility, etc. Douglas E. Comer.
250 ## - EDITION STATEMENT
Edition statement 2nd ed.
260 ## - PUBLICATION, DISTRIBUTION, ETC.
Place of publication, distribution, etc. Upper Saddle River, N.J. :
Name of publisher, distributor, etc. Prentice Hall,
Date of publication, distribution, etc. c1999.
300 ## - PHYSICAL DESCRIPTION
Extent xxiii, 583 p. :
Other physical details ill. ;
Dimensions 25 cm. +
Accompanying material 1 computer laser optical disc (4 3/4 in.)
500 ## - GENERAL NOTE
General note The Future IP Page 287, An Error Reporting Mechanism Page 299, TCP Page 309, Client-Server Interaction Page 323, The Socket Interface Page 337
505 ## - FORMATTED CONTENTS NOTE
Formatted contents note Examples of a Client and a Server Page 351, Naming with the Domain Name System Page 365, Electronic Mail Representation and Transfer Page 381, File Transfer and Remote File Access Page 397.
538 ## - SYSTEM DETAILS NOTE
System details note Almirah No.20 Shelf No.4
650 #0 - SUBJECT ADDED ENTRY--TOPICAL TERM
Topical term or geographic name entry element Telecommunication Engineering.
942 ## - ADDED ENTRY ELEMENTS (KOHA)
Koha item type Reference
Holdings
Withdrawn status Lost status Source of classification or shelving scheme Damaged status Not for loan Collection code Permanent Location Current Location Date acquired Total Checkouts Full call number Barcode Date last seen Price effective from Koha item type
            Military College of Signals (MCS) Military College of Signals (MCS) 12/12/2016   004.6 COM MCS27792 12/08/2016 12/12/2016 Book
© 2023 Central Library, National University of Sciences and Technology. All Rights Reserved.